|
|
|
|
| LEADER |
00000nas a2200000 a 4500 |
| 001 |
ssj0001871 |
| 003 |
WaSeSS |
| 005 |
20200512172242.0 |
| 006 |
m d |
| 007 |
cr n |
| 008 |
050822c19769999oncqx pss o 0 0eng c |
| 010 |
|
|
|a 2006236667
|
| 016 |
7 |
|
|a 2177834-6
|2 DE-600
|
| 022 |
|
|
|y 0380-2361
|
| 035 |
|
|
|a (WaSeSS)ssj0001871
|
| 040 |
|
|
|a OCLCS
|b eng
|c OCLCS
|d OCLCS
|d EYM
|d HUL
|d OCLCQ
|d OCLCF
|d OCLCQ
|d DEBBG
|d GILDS
|d OCLCO
|d AU@
|d TKN
|d OCLCO
|d NJT
|d WaSeSS
|
| 041 |
0 |
|
|a eng
|a fre
|
| 042 |
|
|
|a pcc
|
| 043 |
|
|
|a n-cn---
|
| 050 |
1 |
4 |
|a LA410
|
| 055 |
0 |
1 |
|a LB1501
|
| 082 |
0 |
4 |
|a 370/.5
|
| 130 |
0 |
|
|a Canadian journal of education (Online)
|
| 245 |
1 |
0 |
|a Canadian journal of education
|h [electronic resource] =
|b Revue canadienne de l'éducation.
|
| 246 |
3 |
1 |
|a Revue canadienne de l'éducation
|
| 246 |
1 |
3 |
|a CJE/RCE
|f 1976-1978
|
| 260 |
|
|
|a Toronto :
|b Canadian Society for the Study of Education,
|c 1976-
|
| 310 |
|
|
|a Four no. a year
|
| 362 |
0 |
|
|a Vol. 1, no. 1 (1976)-
|
| 500 |
|
|
|a Title from cover (JSTOR, viewed Mar. 8, 2006).
|
| 500 |
|
|
|a Place of publication varies.
|
| 506 |
|
|
|a License restrictions may limit access.
|
| 538 |
|
|
|a Mode of access: World Wide Web.
|
| 546 |
|
|
|a Text in English and French.
|
| 588 |
|
|
|a Latest issue consulted: Vol. 27, no. 4 (2002) (JSTOR, viewed Mar. 8, 2006).
|
| 650 |
|
0 |
|a Education
|z Canada
|v Periodicals.
|
| 650 |
|
0 |
|a Education
|v Periodicals.
|
| 650 |
|
7 |
|a Education.
|2 fast
|0 (OCoLC)fst00902499
|
| 651 |
|
7 |
|a Canada.
|2 fast
|0 (OCoLC)fst01204310
|
| 655 |
|
0 |
|a Electronic journals.
|
| 710 |
2 |
|
|a Canadian Society for the Study of Education.
|
| 776 |
1 |
|
|t Canadian journal of education
|x 0380-2361
|w (DLC) 76647129
|w (OCoLC)2603472
|
| 856 |
4 |
0 |
|z Full text available from Research Library: 01/01/1993 to present
|u https://search.proquest.com/publication/37189
|